[Event "Regionalliga NW9596"]
[Site "Bayern"]
[Date "1995.??.??"]
[Round "?"]
[White "Assmann, Thomas"]
[Black "Most, Zdenek"]
[Result "1-0"]
[WhiteElo "2290"]
[BlackElo "2115"]

1.Nf3 d5 2.d4 Nf6 3.c4 c6 4.Qc2 g6 5.Bf4 Bg7 6.e3 Nbd7 7.Nc3 O-O 8.cxd5 Nxd5
9.Nxd5 cxd5 10.Bc7 Qe8 11.Bb5 f6 12.O-O Qf7 13.Qa4 e6 14.Rac1 Qe7 15.Rc3 Kh8
16.Rfc1 e5 17.Ba5 Qe6 18.Rxc8 Raxc8 19.Rxc8 Rxc8 20.Bxd7 Rc1+ 21.Ne1 Qe7
22.Bb5 a6 23.Bf1 b5 24.Qb4 Qxb4 25.Bxb4 exd4 26.exd4 f5 27.Nf3 Rc2 28.Bc3 Bf8
29.Ne1 Rc1 30.Nd3 Rc2 31.g3 b4 32.Nxb4 Bxb4 33.Bxb4 Rxb2 34.a3  1-0

[Event "Regionalliga SO9596"]
[Site "Bayern"]
[Date "1995.??.??"]
[Round "?"]
[White "Lautner, Josef"]
[Black "Moldawskij, Alexander"]
[Result "1-0"]
[WhiteElo "2145"]
[BlackElo "2005"]

1.d4 d5 2.Nf3 Nf6 3.c4 c6 4.Qc2 g6 5.g3 Bg7 6.Bg2 O-O 7.O-O Bf5 8.Qb3 Qb6
9.Nc3 Be6 10.Ng5 dxc4 11.Qa4 Bd7 12.Qxc4 Na6 13.e4 h6 14.Nf3 Be6 15.Qe2 Nc7
16.Bf4 Nb5 17.Nxb5 Qxb5 18.Qxb5 cxb5 19.d5 Bd7 20.Rfe1 Rfc8 21.Be5 Rc4 22.Bd4 a5
23.Rad1 Rac8 24.Ne5 Ra4 25.a3 b4 26.axb4 Rxb4 27.Bc3 Rb3 28.Rd2 a4 29.f4 a3
30.Nxd7 Nxd7 31.Bxg7 Kxg7 32.bxa3 Rxa3 33.Bh3 Rc7 34.Bxd7 Rxd7 35.Rb2 g5
36.Kf2 gxf4 37.gxf4 Kf6 38.Rb6+ e6 39.f5 Ra6 40.Reb1 Rxb6 41.Rxb6 Re7 42.fxe6 fxe6
43.Kf3 Ke5 44.dxe6 Rxe6 45.Rxb7 Ra6 46.Rb5+ Kf6 47.Kf4 Rc6 48.h4 Ra6 49.h5 Rc6
50.Rb7 Rc1 51.Rb6+ Kg7 52.Rg6+ Kh7 53.e5 Rf1+ 54.Kg4 Rg1+ 55.Kf5 Rh1 56.e6 Rxh5+
57.Kf6 Rh1 58.Rg7+ Kh8 59.Rd7 Rf1+ 60.Kg6 Rg1+ 61.Kxh6 Rh1+ 62.Kg6 Rg1+ 63.Kf6 Rf1+
64.Ke5 Kg8 65.Rd8+ Kg7 66.e7  1-0

[Event "Oberliga Bayern9495"]
[Site "Bayern"]
[Date "1995.??.??"]
[Round "4"]
[White "Keller, Manfred"]
[Black "Zach, Andreas"]
[Result "1/2-1/2"]
[WhiteElo "2225"]
[BlackElo "2230"]

1.d4 d5 2.c4 c6 3.Nf3 Nf6 4.Qc2 g6 5.Bf4 Bf5 6.Qb3 Qb6 7.e3 Na6 8.c5 Qxb3
9.axb3 Nb4 10.Na3 Bg7 11.Be5 a5 12.Nd2 O-O 13.Be2 Bd3 14.Bxf6 Bxf6 15.Bxd3 Nxd3+
16.Ke2 Nb4 17.f4 a4 18.bxa4 Rxa4 19.Rhc1 Bg7 20.Rc3 Rfa8 21.Rb3 R8a7 22.Ndb1 Na6
23.Nc3 Ra5 24.Nc2 Rxa1 25.Nxa1 Nxc5 26.dxc5 Rxa1 27.Rxb7 Bxc3 28.bxc3 Ra5
29.Rxe7 Rxc5 30.Kd3 Kf8  1/2-1/2

[Event "Berliner Sommer"]
[Site "Berlin"]
[Date "1995.??.??"]
[Round "6"]
[White "Tchikadze, V."]
[Black "Crouch, Colin S"]
[Result "1-0"]
[WhiteElo "2260"]
[BlackElo "2410"]

1.d4 d5 2.c4 c6 3.Nf3 Nf6 4.Qc2 dxc4 5.Nc3 Na6 6.a3 b5 7.g3 b4 8.axb4 Nxb4
9.Qa4 e5 10.Nxe5 Bf5 11.Nxc6 Nc2+ 12.Qxc2 Bxc2 13.Nxd8 Rxd8 14.e3 Bb4 15.Bd2 O-O
16.Bxc4 Rd7 17.O-O  1-0

[Event "Biel op"]
[Site "Biel"]
[Date "1995.??.??"]
[Round "5"]
[White "Raetsky, Alexander"]
[Black "Toth, Bela"]
[Result "1-0"]
[WhiteElo "2505"]
[BlackElo "2400"]

1.d4 d5 2.c4 c6 3.Nf3 Nf6 4.Qc2 g6 5.Bf4 dxc4 6.Qxc4 Bg7 7.g3 O-O 8.Bg2 Qb6
9.Qc1 Bf5 10.O-O Nbd7 11.Nc3 Rac8 12.Rd1 c5 13.d5 Ne4 14.Nh4 Nxc3 15.bxc3 Ne5
16.Nxf5 gxf5 17.Rb1 Qf6 18.Rxb7 Ng6 19.c4 Qa6 20.d6 Nxf4 21.Qxf4 exd6 22.Qxf5 d5
23.Bxd5 Rcd8 24.Rdb1 Qf6 25.Qxf6 Bxf6 26.Rxa7  1-0

[Event "RUS-sf"]
[Site "Briansk"]
[Date "1995.??.??"]
[Round "7"]
[White "Vasilchenko, Oleg"]
[Black "Maiorov, Oleg"]
[Result "0-1"]
[WhiteElo "2430"]
[BlackElo "2415"]

1.d4 d5 2.c4 c6 3.Nf3 dxc4 4.Nc3 Nf6 5.e4 b5 6.e5 Nd5 7.a4 Nxc3 8.bxc3 e6
9.Be2 Be7 10.O-O Na6 11.d5 exd5 12.Nd4 Qb6 13.Be3 Qb7 14.f4 b4 15.f5 Bc5
16.Kh1 bxc3 17.Qe1 Bf8 18.e6 f6 19.Bh5+ Kd8 20.Qxc3 Bb4 21.Qc2 Bd6 22.Rab1 Qc7
23.Bf3 Nb4 24.Rxb4 Bxb4 25.Nxc6+ Qxc6 26.Bxd5 Qxd5 27.Rd1 Qxd1+ 28.Qxd1+ Ke8
29.Qh5+ Kd8 30.Qd1+ Ke8 31.Qd5 Rb8 32.Qc6+ Kd8 33.Qd5+ Ke8 34.Qc6+ Kd8 35.Bxa7 Rb7
36.Bb6+ Ke7 37.Bc5+ Bxc5 38.Qxc5+ Kd8 39.Qd6+ Bd7 40.exd7 Rb1+  0-1

[Event "Budapest FS07 GM"]
[Site "Budapest"]
[Date "1995.??.??"]
[Round "?"]
[White "Kahn, Evarth"]
[Black "Gonzalez Garcia, Jose"]
[Result "1-0"]
[WhiteElo "2350"]
[BlackElo "2375"]

1.d4 d5 2.c4 dxc4 3.Nf3 c6 4.a4 b5 5.e3 e6 6.Nc3 Bb4 7.Bd2 Nf6 8.axb5 Bxc3
9.Bxc3 cxb5 10.b3 cxb3 11.Bxb5+ Bd7 12.Qxb3 O-O 13.Ne5 Bxb5 14.Qxb5 Qc8 15.Bb4 Rd8
16.O-O a6 17.Qa4 Nfd7 18.Ba5 Rf8 19.Rfc1 Qe8 20.Bb4 Nxe5 21.Bxf8  1-0

[Event "Schneider mem op"]
[Site "Budapest"]
[Date "1995.??.??"]
[Round "1"]
[White "Zimmerman, Yuri"]
[Black "Dlauchy, Peter"]
[Result "1-0"]
[WhiteElo "2335"]
[BlackElo "2045"]

1.d4 d5 2.Nf3 Nf6 3.c4 c6 4.Qc2 e6 5.g3 Be7 6.Bg2 Nbd7 7.O-O Ne4 8.Nc3 Nxc3
9.Qxc3 Nf6 10.Nd2 O-O 11.e4 dxe4 12.Nxe4 Nxe4 13.Bxe4 c5 14.Be3 Qc7 15.dxc5 Bxc5
16.Bxc5 Qxc5 17.b4 Qc7 18.Rad1 Rd8 19.Rxd8+ Qxd8 20.Qc2 g6 21.Rd1 Qc7 22.Qd3 Kf8
23.Qd8+ Qxd8 24.Rxd8+ Ke7 25.Rh8 h5 26.c5 Rb8 27.f4 a6 28.Kf2 Kd7 29.Ke3 Ra8
30.a4 Rb8 31.Kd4 Ke7 32.Ke5 Ra8 33.c6 bxc6 34.Bxc6 f6+ 35.Kd4 Rb8 36.Kc5 e5
37.fxe5 fxe5 38.b5 axb5 39.axb5 h4 40.Re8+ Kf6 41.Kd6  1-0

[Event "Budapest Furdo"]
[Site "Budapest"]
[Date "1995.??.??"]
[Round "1"]
[White "Bali, Janos"]
[Black "Bartha, Sandor"]
[Result "1/2-1/2"]
[WhiteElo "2270"]
[BlackElo "2225"]

1.d4 d5 2.c4 c6 3.Nf3 Nf6 4.Qc2 Nbd7 5.b3 e6 6.e3 Be7 7.Bd3 b6 8.O-O Bb7
9.Nbd2 Rc8 10.Bb2 c5 11.a4 cxd4 12.exd4 h6 13.Bc3 Qc7 14.a5 O-O 15.Rfc1 Bd6
16.h3 Bf4 17.axb6 axb6 18.Bb4 Rfe8 19.c5 bxc5 20.Bxc5 e5 21.dxe5 Nxc5 22.Bf5 Nfe4
23.Bxc8 Rxc8 24.b4 Nxd2 25.Nxd2 Ne6 26.Qxc7 Nxc7 27.Ra2 Ra8 28.Rxa8+ Nxa8
29.Ra1 Bxd2 30.Ra7 Bc6 31.Ra6 Bb7 32.Ra7 Bc6 33.Ra6 Bb7 34.Ra7  1/2-1/2

[Event "Budapest FS12 IM"]
[Site "Budapest"]
[Date "1995.??.??"]
[Round "2"]
[White "Kasantsev, Anatolij B"]
[Black "Arnold, Johannes"]
[Result "0-1"]
[WhiteElo "2300"]
[BlackElo "2250"]

1.d4 d5 2.c4 c6 3.Nf3 Nf6 4.Qb3 Qb6 5.Nc3 dxc4 6.Qxc4 Bf5 7.Ne5 e6 8.f3 Nbd7
9.e4 Bg6 10.h4 Bd6 11.Nxd7 Bg3+ 12.Kd1 Kxd7 13.Be3 Rad8 14.Kc2 Nd5 15.Bg1 h5
16.Na4 Qa5 17.Nc5+ Kc8 18.a3 Qc7 19.Kb3 Nb6 20.Qb4 Bd6 21.Qa5 a6 22.Rc1 Nd7
23.Qxc7+ Kxc7 24.Nd3 f6 25.Rc3 Bf7 26.Kc2 a5 27.f4 e5 28.fxe5 fxe5 29.d5 Bg6
30.dxc6 bxc6 31.Nf2 Bc5 32.Bd3 Bd4 33.Rc4 Nb6 34.Rxd4 exd4 35.Nh3 Rhe8 36.Ng5 c5
37.b3 a4 38.Bh2+ Kc6 39.bxa4 c4 40.Bf1 d3+ 41.Kc3 Nxa4+  0-1

[Event "Budapest FS09 GM"]
[Site "Budapest"]
[Date "1995.??.??"]
[Round "5"]
[White "Lengyel, Levente"]
[Black "Acs, Peter"]
[Result "1-0"]
[WhiteElo "2365"]
[BlackElo "2375"]

1.Nf3 d5 2.d4 Nf6 3.c4 c6 4.Qc2 dxc4 5.Qxc4 Bf5 6.g3 e6 7.Bg2 Nbd7 8.O-O Be7
9.Nc3 O-O 10.e3 Ne4 11.Qe2 Nxc3 12.bxc3 Be4 13.c4 Qa5 14.Nd2 Bxg2 15.Kxg2 e5
16.Bb2 exd4 17.exd4 Rfe8 18.Qd3 Rad8 19.Bc3 Qh5 20.Qf3 Qxf3+ 21.Kxf3 Nc5
22.Rad1 Na4 23.Ba1 f5 24.Rfe1 Bf6 25.Rxe8+ Rxe8 26.Nb3 Nb6 27.Na5 Re7 28.Rb1 Re4
29.c5 Na4 30.Nxb7 g5 31.Rb4 g4+ 32.Kg2 Re1 33.Rxa4 Rxa1 34.Na5 h5 35.h3 Kf7
36.Nxc6 Ke6 37.hxg4 hxg4 38.Rxa7 Bh8  1-0

[Event "Budapest FS12 GM"]
[Site "Budapest"]
[Date "1995.??.??"]
[Round "6"]
[White "Kahn, Evarth"]
[Black "Acs, Peter"]
[Result "1/2-1/2"]
[WhiteElo "2350"]
[BlackElo "2370"]

1.d4 d5 2.c4 c6 3.Nf3 Nf6 4.Qc2 dxc4 5.Qxc4 Bf5 6.g3 e6 7.Bg2 Be7 8.Nc3 O-O
9.O-O Nbd7 10.a4 a5 11.Nh4 Bc2 12.Na2 Be4 13.Bxe4 Nxe4 14.Nf3 Qb6 15.Nc3 Nd6
16.Qd3 Qa6 17.Qc2 b5 18.Bf4 Nc4 19.b3 Ncb6 20.Rfc1 b4 21.Ne4 Nd5 22.Neg5 N7f6
23.Ne5 h6 24.Ngf3 Nc3 25.Re1 c5 26.Qd3 Qxd3 27.exd3 cxd4 28.Nxd4 Nfd5 29.Bd2 Bf6
30.Rac1 Rfc8 31.Kg2 Rc5 32.Ndf3 Rac8 33.Nc4 Ra8 34.Be3 Rcc8 35.Nfd2 Rd8 36.Ne4 Nxe3+
37.Rxe3 Bd4 38.Ree1 Rd5 39.Ned6 Ra6 40.Ne4 Ra7 41.Rc2  1/2-1/2

[Event "Budapest FS11 GM"]
[Site "Budapest"]
[Date "1995.??.??"]
[Round "7"]
[White "Vadasz, Laszlo"]
[Black "Almasi, Istvan"]
[Result "1/2-1/2"]
[WhiteElo "2350"]
[BlackElo "2395"]

1.Nf3 d5 2.d4 c6 3.c4 dxc4 4.e3 b5 5.a4 e6 6.b3 Bb4+ 7.Bd2 Bxd2+ 8.Nfxd2 cxb3
9.axb5 b2 10.Ra2 Ne7 11.Rxb2 O-O 12.Be2 Nd7 13.O-O cxb5 14.Bxb5 Rb8 15.Qc2 Rxb5
16.Rxb5 Ba6 17.Rb2 Bxf1 18.Nxf1 e5 19.Rb7 exd4 20.Rxa7 dxe3 21.fxe3 Ne5 22.Qc7 N7c6
23.Qxd8 Rxd8 24.Rc7 g6 25.Nbd2 Nb4 26.h3 Nd5 27.Rc2 Nd3 28.Nf3 Re8 29.Rd2 N5b4
30.Rd1 f6 31.Ne1 Ne5 32.Nf3 Ned3 33.Ne1 Ne5 34.Nf3 Nec6 35.Rd7 Re7 36.Rxe7 Nxe7
37.N1d2 Kf7 38.Kf2 Ke6 39.e4 Nd3+ 40.Ke3 Ne5 41.Nxe5 Kxe5 42.Nf3+ Kd6 43.g4 h6  1/2-1/2

[Event "Budapest FS11 GM"]
[Site "Budapest"]
[Date "1995.??.??"]
[Round "9"]
[White "Vadasz, Laszlo"]
[Black "Acs, Peter"]
[Result "1/2-1/2"]
[WhiteElo "2350"]
[BlackElo "2370"]

1.Nf3 d5 2.d4 Nf6 3.c4 c6 4.Nbd2 Bf5 5.e3 e6 6.Be2 Bd6 7.Qb3 Qc8 8.Bd3 O-O
9.O-O Nbd7 10.Re1 Ne4 11.Qc2 Ndf6 12.b3 Qd8 13.Bb2 Bb4 14.a3 Bxd2 15.Nxd2 Qd6
16.Nf1 Qd7 17.f3 Nd6 18.e4 dxe4 19.fxe4 Ndxe4 20.Rxe4 Nxe4 21.Bxe4 Bxe4 22.Qxe4 b5
23.Nd2 Rab8 24.Bc3 Rfe8 25.Nf3 f6 26.Bb4 Qc7 27.Rc1 a5 28.Be1 bxc4 29.Bg3 e5
30.bxc4 Qb6 31.Qc2 e4 32.c5 Qb5 33.Bxb8 exf3 34.Bg3 Re2 35.Qc4+ Qxc4 36.Rxc4 Rxg2+
37.Kf1 Rd2 38.Ra4 h5 39.Rxa5 g5 40.Ra6 h4 41.Bb8 g4 42.Rxc6 Kf7 43.Rc8 Rb2
44.Bd6 Rb1+ 45.Kf2 Rb2+ 46.Kf1 Rb1+  1/2-1/2

[Event "Budapest FS06 GM"]
[Site "Budapest"]
[Date "1995.??.??"]
[Round "10"]
[White "Kahn, Evarth"]
[Black "Metz, Hartmut"]
[Result "1-0"]
[WhiteElo "2400"]
[BlackElo "2315"]

1.d4 c6 2.c4 d5 3.Nf3 Nf6 4.Qb3 e6 5.Bf4 Nbd7 6.e3 Be7 7.Nc3 O-O 8.Rd1 Re8
9.a3 Nf8 10.Qc2 Ng6 11.Bg3 Nh5 12.Bd3 b6 13.Ne5 Bb7 14.Qe2 Nf6 15.O-O Bd6
16.f4 Qe7 17.Rf2 Rad8 18.cxd5 exd5 19.h4 Nf8 20.h5 N6d7 21.Qg4 Nb8 22.Bh4 f6
23.h6 Bc8 24.Qg3 Kh8 25.Rf3 gxh6 26.Ng4 Bxg4 27.Qxg4 Qf7 28.Qf5 Nbd7 29.Rh3 Qg6
30.Bf2 Qxf5 31.Bxf5 Kg7 32.Ne2 Ng6 33.Ng3 Ndf8 34.Bd3 c5 35.Nf5+ Kh8 36.Nxh6 Rd7
37.Bf5 cxd4 38.Bxd7 Nxd7 39.Rxd4 Bc5 40.Rxd5 Nb8 41.b4 Bf8 42.Rdh5  1-0

[Event "Bussum op"]
[Site "Bussum"]
[Date "1995.??.??"]
[Round "3"]
[White "Witt, Rob"]
[Black "Riemersma, Liafbern"]
[Result "0-1"]
[WhiteElo "2230"]
[BlackElo "2430"]

1.d4 Nf6 2.Nf3 d5 3.c4 c6 4.Qc2 g6 5.Bg5 Bg7 6.e3 O-O 7.Nc3 Bf5 8.Qb3 Nbd7
9.cxd5 cxd5 10.Be2 Ne4 11.Bh4 Nb6 12.O-O Bg4 13.Rfd1 Rc8 14.Rac1 Qd7 15.h3 Nxc3
16.Rxc3 Rxc3 17.Qxc3 Rc8 18.Qb4 Bxf3 19.Bxf3 Bf8 20.b3 Rc2 21.Rd2 Rc6 22.Qa5 a6
23.Bg3 e6 24.Bd1 Qc8 25.Rc2 Rxc2 26.Bxc2 Qxc2 27.Qxb6 Qc1+ 28.Kh2 Qc8 29.Bc7 Be7
30.a4 f6 31.g3 Kf7 32.Kg2 Ke8 33.g4 Kd7 34.Bf4 Qc6 35.Qa7 h5 36.gxh5 gxh5
37.Qb8 Bd8 38.Kg3 Qc8 39.Qd6+ Ke8 40.Kh4 Be7 41.Qb8 Qxb8 42.Bxb8 Kf7 43.Kxh5 Kg7
44.Bc7 f5 45.Bf4 Kh7 46.Bg5 Bb4 47.Kh4 Kg6 48.Bf4 Be7+ 49.Kg3 Kh5 50.Kf3 Kh4
51.Kg2 Kh5 52.Bg3 Bd8 53.Kf3 Be7 54.Ke2 Bh4 55.Kf1 Be7 56.f3 Bd8 57.Ke2 Bf6
58.Bf2 Be7 59.Bg3 Bh4 60.Kf2 Be7 61.e4 Bh4 62.exd5 exd5 63.Bxh4 Kxh4 64.Ke3 Kg3  0-1

[Event "Cannes op"]
[Site "Cannes"]
[Date "1995.??.??"]
[Round "3"]
[White "Renaze, Luc"]
[Black "Kinsman, Andrew PH"]
[Result "1/2-1/2"]
[WhiteElo "2285"]
[BlackElo "2355"]

1.d4 d5 2.c4 c6 3.Nf3 dxc4 4.Nc3 b5 5.e3 Bb7 6.a4 a6 7.b3 cxb3 8.Qxb3 e6
9.axb5 axb5 10.Rxa8 Bxa8 11.Be2 Nf6 12.O-O Be7 13.Bd2 O-O 14.Ra1 Nbd7 15.Ne1 e5
16.Bf3 exd4 17.exd4 Nb6 18.Be3 Nbd5 19.Nd3 Qb6 20.Nxd5 Nxd5 21.Bxd5 cxd5
22.Nc5 Bc6 23.Ra6 Qc7 24.Qa2 Rb8 25.Ra7 Qd8 26.Qa6 Ra8 27.Rxa8 Qxa8 28.Qxa8+ Bxa8
29.Kf1 Kf8 30.Ke2 Ke8 31.Kd3 Kd8 32.Kc3 Kc7 33.Kb4 Kb6 34.Bf4 Bc6 35.Be5 g6
36.Bf4 Bd7 37.Be5 Bf5 38.Bf4 Be4 39.g3 Kc6 40.Be3 Bf3 41.Kc3 Kb6 42.Kb4 g5
43.Bd2 h6 44.Be3 f5 45.Kb3 Bd6 46.Kc3 f4 47.gxf4 gxf4 48.Bc1 h5 49.Nd3 Ka5
50.Bxf4 b4+ 51.Kb2 Bf8 52.Ne5 Be2 53.Ng6 Bg7 54.Be5 Bh6 55.Bf4 Bg7 56.Be5  1/2-1/2

[Event "Cannes op"]
[Site "Cannes"]
[Date "1995.??.??"]
[Round "8"]
[White "Ivanov, Mikhail M"]
[Black "Lukasiewicz, Grzegorz"]
[Result "1/2-1/2"]
[WhiteElo "2450"]
[BlackElo "2355"]

1.Nf3 d5 2.d4 Nf6 3.c4 c6 4.Qc2 g6 5.cxd5 cxd5 6.Bf4 Nc6 7.e3 Bg7 8.Be2 Qa5+
9.Nc3 O-O 10.O-O Bf5 11.Qb3 Qb4 12.Qxb4 Nxb4 13.Ne5 Rac8 14.g4 Be6 15.a3 Nc6
16.g5 Ne4 17.Nxe4 Bxe5 18.Bxe5 Nxe5 19.Nc5 Bh3 20.Rfc1 b6 21.Nd3 Nxd3 22.Bxd3 Rxc1+
23.Rxc1 Rc8 24.Rxc8+ Bxc8 25.Kg2 Kg7 26.Kg3 h6 27.h4 hxg5 28.hxg5 f6 29.Kf4 Kf7
30.f3 Bd7 31.Bc2 Bc6 32.e4 dxe4 33.fxe4 e5+ 34.dxe5 fxe5+ 35.Ke3 Bd7 36.Bb3+ Be6
37.Bd5 Ke7  1/2-1/2

[Event "Cappelle op"]
[Site "Cappelle la Grande"]
[Date "1995.??.??"]
[Round "1"]
[White "Todorov, Ognjan"]
[Black "Fontaine, Robert"]
[Result "1-0"]
[WhiteElo "2405"]
[BlackElo "2200"]

1.d4 d5 2.c4 c6 3.Nf3 Nf6 4.Qc2 dxc4 5.Qxc4 Bf5 6.g3 e6 7.Bg2 Be7 8.O-O O-O
9.Nc3 Nbd7 10.e3 Rc8 11.Qe2 Ne4 12.Nd2 Nxd2 13.Bxd2 e5 14.d5 cxd5 15.Nxd5 Bd6
16.Rfd1 Nf6 17.Bc3 Nxd5 18.Bxd5 Qe7 19.Qf3 Bg6 20.Bxb7 e4 21.Qe2 Rc5 22.Rd5 Qxb7
23.Rxd6 Qc8 24.Qd1 Rh5 25.h4 h6 26.Rd7 Kh7 27.Qd4 Rg8 28.Qxa7 Qc4 29.Qd4 Qe6
30.Rd8 f6 31.Qd7 Qc4 32.Rxg8 Kxg8 33.Qg4 Kh7 34.Rd1 Rd5 35.Ra1 h5 36.Qh3 Bf5
37.Qf1 Rd3 38.a4 Bd7 39.a5 Bb5 40.Qh3 Bd7 41.Qf1 Bb5 42.Qb1 Qb3 43.Kh2 Ba6
44.Qh1 f5 45.Qc1 Qe6 46.Bd4 f4 47.Qc7 Rxd4 48.exd4 e3 49.Qxf4 e2 50.Re1 Qd5
51.Qe5 Qf3 52.Qe3 Qg4 53.f3  1-0

[Event "Cappelle op"]
[Site "Cappelle la Grande"]
[Date "1995.??.??"]
[Round "3"]
[White "Dumitrache, Dragos"]
[Black "Thorhallsson, Throstur"]
[Result "1/2-1/2"]
[WhiteElo "2530"]
[BlackElo "2420"]

1.d4 d5 2.c4 c6 3.Nf3 Nf6 4.Qb3 e6 5.g3 Bd6 6.Bg2 O-O 7.O-O Nbd7 8.Nc3 dxc4
9.Qxc4 e5 10.Rd1 Qe7 11.Bg5 h6 12.Bxf6 Nxf6 13.dxe5 Bxe5 14.Nxe5 Qxe5  1/2-1/2

[Event "Cappelle op"]
[Site "Cappelle la Grande"]
[Date "1995.??.??"]
[Round "3"]
[White "Catteau, Bruno"]
[Black "Janocha, Wieslaw"]
[Result "1/2-1/2"]
[WhiteElo "2185"]
[BlackElo "2395"]

1.d4 d5 2.Nf3 Nf6 3.c4 c6 4.Qc2 g6 5.g3 Bg7 6.Bg2 O-O 7.O-O Na6 8.Nbd2 Qb6
9.a3 Bf5 10.Qa4 Ne4 11.c5 Qb5 12.Qxb5 cxb5 13.b4 b6 14.cxb6 axb6 15.Bb2 Rfc8
16.Rac1 e6 17.Nxe4 Bxe4 18.Nd2 Bxg2 19.Kxg2 Kf8 20.e3 Ke7 21.Rxc8 Rxc8 22.Rc1 Ra8
23.Rc6 Rb8 24.Kf1 Kd7 25.Rc2 Nc7 26.Nf3 f6 27.Ke2 Ne8 28.Kd3 Nd6 29.Nd2 Ra8
30.Nb1 g5 31.f3 h5 32.h3 g4 33.hxg4 hxg4 34.fxg4 Rh8 35.Nc3 Rh3 36.Rg2 Kc6
37.e4 Bh6 38.exd5+ exd5 39.Kc2 Nc4 40.Nd1 Bg5 41.Bc1 Bxc1 42.Kxc1 Rh1 43.Re2 Kd6
44.Kc2 Nxa3+ 45.Kd2 Nc4+ 46.Kc2 Na3+ 47.Kd2 Rg1 48.Ne3 Nc4+ 49.Kc2 Nxe3+
50.Rxe3 Rg2+ 51.Kc3 Kd7 52.Kb3 Rg1 53.Kc2 Kd6 54.Kd2 Rb1 55.Kc3 Rc1+ 56.Kb3 Rc4
57.Rd3 Ke6 58.Rd2 Kf7 59.Rf2 Kg7 60.Rf4 Kg6 61.Ka3 Rc3+ 62.Kb2 Rxg3 63.Rf5 Rxg4
64.Rxd5 f5 65.Rxb5 Rxd4 66.Rxb6+ Kg5 67.Kc3 Rd8 68.Rb7 f4 69.Rf7 Kg4 70.Kc4 f3
71.b5  1/2-1/2

[Event "Castellar op"]
[Site "Castellar"]
[Date "1995.??.??"]
[Round "?"]
[White "Fernandez, Juan Luis"]
[Black "Pomes Marcet, Juan"]
[Result "0-1"]
[WhiteElo "2305"]
[BlackElo "2425"]

1.d4 d5 2.c4 c6 3.Nf3 Nf6 4.Qc2 Na6 5.a3 dxc4 6.Qxc4 Qb6 7.Ng5 e6 8.Nc3 Be7
9.b4 Nd5 10.Na4 Qd8 11.Nf3 Naxb4 12.Nc5 b5 13.Qb3 Na6 14.Nxa6 Bxa6 15.e4 Nf6
16.Bd3 Qb6 17.O-O c5 18.dxc5 Bxc5 19.a4 Rd8 20.a5 Qb7 21.Bg5 Be7 22.e5 Nd5
23.Bxe7 Nxe7 24.Rfb1 O-O 25.Ng5 h6 26.Be4 Nd5 27.Qh3 Qe7 28.Nh7 Rfe8 29.Rb3 Qc7
30.Qh5 Rc8 31.h4 Nc3 32.Rxc3 Qxc3 33.Rd1 Red8 34.Rxd8+ Rxd8 35.Nf6+ gxf6
36.Qxh6 Rd1+  0-1

[Event "Ceske Budejovice op"]
[Site "Ceske Budejovice"]
[Date "1995.??.??"]
[Round "6"]
[White "Tratar, Marko"]
[Black "Simic, Dragan"]
[Result "1/2-1/2"]
[WhiteElo "2405"]
[BlackElo "2255"]

1.Nf3 d5 2.d4 Nf6 3.c4 c6 4.Qc2 g6 5.g3 Bf5 6.Qb3 Qb6 7.Nc3 Nbd7 8.Bg2 Qxb3
9.axb3 Bg7 10.O-O O-O 11.Bf4 h6 12.Rac1 g5 13.Bd2 e6 14.Rfd1 Ne4 15.Be3 Nxc3
16.bxc3 dxc4 17.bxc4 Be4 18.Nd2 Bxg2 19.Kxg2 Rfd8 20.c5 b6 21.cxb6 axb6 22.Ra1  1/2-1/2

[Event "Ceske Budejovice op"]
[Site "Ceske Budejovice"]
[Date "1995.??.??"]
[Round "6"]
[White "Chloupek, Stanislav"]
[Black "Meduna, Eduard"]
[Result "1/2-1/2"]
[WhiteElo "2305"]
[BlackElo "2445"]

1.d4 Nf6 2.c4 c6 3.Nf3 d5 4.Qb3 dxc4 5.Qxc4 Bf5 6.g3 e6 7.Bg2 Nbd7 8.O-O Be7
9.Qb3 Qb6 10.Nbd2 O-O 11.Nc4 Qa6 12.Bf4 Be4 13.Bd6 Bxd6 14.Nxd6 Bd5 15.Qc2 Rad8
16.e4 Nb6 17.e5 Ne8 18.Ne4 Qc4 19.Qb1 h6 20.Rc1 Bxe4 21.Qxe4 Qb4 22.h4 Qe7
23.Re1 Nd5 24.Bf1 h5 25.Rac1 g6 26.Rc5 Ng7 27.a3 Rd7 28.b4 a6 29.Bh3 Nf5
30.Rb1 Rfd8 31.a4 Nb6 32.a5 Rxd4 33.Nxd4 Rxd4 34.Qc2 Nd7 35.Bxf5 Nxc5 36.Qxc5 Qxc5
37.bxc5 gxf5 38.Rxb7 Rd5 39.Rb6 Rxc5 40.f4 Rxa5 41.Rxc6 Ra1+ 42.Kg2 Kf8 43.Rc8+ Ke7
44.Rc7+ Ke8 45.Ra7 a5 46.Ra8+ Kd7 47.Ra7+ Kd8 48.Rxf7 a4 49.g4 fxg4 50.f5 exf5
51.Rxf5 a3 52.Rxh5 Kd7 53.Rh6 Re1  1/2-1/2

[Event "Copenhagen BSF"]
[Site "Copenhagen"]
[Date "1995.??.??"]
[Round "3"]
[White "Pinter, Jozsef"]
[Black "Moskalenko, Viktor"]
[Result "0-1"]
[WhiteElo "2555"]
[BlackElo "2525"]

1.d4 d5 2.Nf3 Nf6 3.c4 c6 4.Qc2 g6 5.Bf4 Bf5 6.Qb3 Qb6 7.c5 Qxb3 8.axb3 Bxb1
9.Rxb1 Nbd7 10.h3 Bg7 11.e3 O-O 12.b4 Ne4 13.Bd3 Rfe8 14.O-O e5 15.Bh2 a6
16.Rfd1 Nxf2 17.Kxf2 e4 18.Bc2 exf3 19.gxf3 f5 20.Ra1 Nf6 21.Ra3 Rad8 22.Bb3 Re6
23.Ba2 Nh5 24.b5 axb5 25.b4 Rde8 26.Bd6 Bf6 27.Rdd3 Kh8 28.f4 g5 29.Be5 Rg8
30.Bb3 gxf4 31.exf4 Bxe5 32.fxe5 Reg6 33.Bd1 Rg2+ 34.Ke1 Ng7 35.Rf3 Ne6 36.Rad3 Rb2
37.Rxf5 Rg1+ 38.Rf1 Rxf1+ 39.Kxf1 Rxb4 40.Bg4 Rxd4 41.Re3 Rf4+ 42.Kg2 Nxc5
43.e6 Re4 44.Rxe4 Nxe4 45.e7 Nf6 46.Kf3 Kg7 47.Bh5 b4 48.Ke3 c5 49.Kd3 c4+
50.Kc2 b3+ 51.Kb2 b6 52.h4 h6 53.Ka3 b5 54.Kb2 b4 55.e8=Q Nxe8 56.Bxe8 Kf6
57.Bc6 Ke5 58.Be8 Kd4 59.Bf7 Kc5 60.h5 d4 61.Be6 d3 62.Kc1 Kd4 63.Bf7 Kc3
64.Be6 d2+ 65.Kd1 b2 66.Bf5 Kb3 67.Kxd2 c3+  0-1

[Event "Cordoba op"]
[Site "Cordoba"]
[Date "1995.??.??"]
[Round "?"]
[White "Jimenez Villena, Francisco J"]
[Black "Kirov, Nino"]
[Result "0-1"]
[WhiteElo "2260"]
[BlackElo "2460"]

1.d4 d5 2.c4 c6 3.Nf3 Nf6 4.Qc2 g6 5.Bf4 Bg7 6.e3 O-O 7.Nc3 Be6 8.Qb3 Nbd7
9.Qxb7 Nh5 10.cxd5 cxd5 11.Bc7 Qc8 12.Ba6 Ndf6 13.O-O Ne8 14.Be5 Qd8 15.Ng5 Nd6
16.Qc6 Nf6 17.Nxe6 fxe6 18.Nb5 Nfe8 19.Rac1 Rb8 20.Nxd6 exd6 21.Bxg7 Nxg7
22.Qc3 Qb6 23.Bd3 Qxb2 24.Qc7 Qa3 25.Rc3 Qxa2 26.Qxd6 Rb7  0-1

[Event "CZE-chT 9495"]
[Site "?"]
[Date "1995.??.??"]
[Round "9"]
[White "Chloupek, Stanislav"]
[Black "Cesal, Jaroslav"]
[Result "1/2-1/2"]
[WhiteElo "2310"]
[BlackElo "2320"]

1.d4 d5 2.Nf3 Nf6 3.c4 c6 4.Qb3 dxc4 5.Qxc4 e6 6.g3 Qd5 7.Qa4 b5 8.Qd1 Bb4+
9.Bd2 Bxd2+ 10.Qxd2 Bb7 11.Nc3 Qf5 12.Bg2 b4 13.Na4 Na6 14.O-O O-O 15.Rfc1 Rfd8
16.Qc2 Qb5 17.e3 c5 18.Nxc5 Rac8 19.Qc4 Qxc4 20.Rxc4 Bd5 21.Rcc1 Nxc5 22.dxc5 Ne4
23.Nd4 Rxc5 24.Rxc5 Nxc5 25.Bxd5 Rxd5 26.Rc1 Kf8 27.Rc4 e5 28.Nc6 Rd1+ 29.Kg2 Nd3
30.Nxb4 Ne1+ 31.Kf1 Rb1 32.Ke2 Ke7 33.b3 f5 34.Nd3 Nxd3 35.Kxd3 Rb2 36.Rc2 e4+
37.Kc3 Rb1 38.h4 Ke6 39.Kc4 h6 40.Kb5 g5 41.hxg5 hxg5 42.Ka6 f4 43.gxf4 gxf4
44.exf4 Kf5 45.Kxa7 Kxf4 46.Kb6 Kf3 47.Kc5 Rg1 48.Kd4 Rg4 49.Ke5 Rg5+ 50.Kd4 Rg4
51.Ke5  1/2-1/2

[Event "CZE-chT1c 9495"]
[Site "?"]
[Date "1995.??.??"]
[Round "1"]
[White "Jankovec, Ivan"]
[Black "Hudecek, Jan"]
[Result "1-0"]
[WhiteElo "2275"]
[BlackElo "2275"]

1.d4 d5 2.c4 c6 3.Nf3 dxc4 4.a4 e6 5.e3 b5 6.b3 Bb4+ 7.Bd2 Bxd2+ 8.Nfxd2 a5
9.bxc4 b4 10.c5 Nf6 11.Nc4 O-O 12.Bd3 Nbd7 13.f4 Ba6 14.O-O Nd5 15.Rf3 Bxc4
16.Bxc4 f5 17.Nd2 N7f6 18.Qc2 Re8 19.Re1 Rb8 20.Bb3 Ng4 21.Nf1 Ngf6 22.Nd2 Ng4
23.g3 Ngxe3 24.Rexe3 Nxe3 25.Rxe3 Qxd4 26.Kf2 Rbd8 27.Nf3 Qa1 28.Bxe6+ Kh8
29.Ng5 Rd1 30.Nf7+ Kg8 31.Nd6+ Kh8 32.Nxe8 Rh1 33.Re2 Rxh2+ 34.Kf3 Qf1+ 35.Rf2 Qh1+
36.Rg2 Qf1+ 37.Qf2 Qd1+ 38.Ke3 Qc1+ 39.Kf3 Qc3+ 40.Qe3 Qxe3+ 41.Kxe3 Rxg2
42.Nd6 g6 43.Nf7+ Kg7 44.Ne5 Rxg3+ 45.Kd4 b3 46.Nd3 Kf6 47.Bd7 Rg2 48.Kc3 Rg3
49.Kc4 h5 50.Bxc6 h4 51.Bd5 h3 52.Kd4 h2 53.Kc4 Ke7 54.Bb7 Kd7 55.Bd5 Kc7
56.Ba8 Re3 57.Bh1 Re1 58.Bf3 Re4+  1-0

[Event "CZE-chT2"]
[Site "?"]
[Date "1995.??.??"]
[Round "?"]
[White "Chloupek, Stanislav"]
[Black "Trefny, Vlastimil"]
[Result "1-0"]
[WhiteElo "2310"]
[BlackElo "2335"]

1.d4 d5 2.Nf3 Nf6 3.c4 c6 4.Qb3 g6 5.g3 Bg7 6.Bg2 O-O 7.O-O dxc4 8.Qxc4 Nbd7
9.Nc3 Nb6 10.Qd3 a5 11.Rd1 Be6 12.e4 Bc4 13.Qc2 Nfd7 14.Bf4 Qe8 15.Rac1 e5
16.dxe5 Nxe5 17.Nxe5 Bxe5 18.Bh6 Bg7 19.Bxg7 Kxg7 20.Na4 Nxa4 21.Qxc4 b5
22.Qd4+ Kg8 23.b3 c5 24.Qf6  1-0

[Event "CZE-chT2"]
[Site "?"]
[Date "1995.??.??"]
[Round "?"]
[White "Suran, Jan"]
[Black "Kozak, Milos"]
[Result "1/2-1/2"]
[WhiteElo "2215"]
[BlackElo "2300"]

1.d4 d5 2.c4 c6 3.Nf3 Nf6 4.Qc2 g6 5.Bf4 Na6 6.a3 Bf5 7.Qb3 Qb6 8.Qxb6 axb6
9.Nbd2 Bg7 10.Rc1 O-O 11.h3 Rfc8 12.e3 c5 13.Be2 Ne4 14.Be5 cxd4 15.exd4 Bh6
16.g4 Nxd2 17.Nxd2 Be6 18.Rc3 Bxd2+  1/2-1/2

[Event "CZE-chT2"]
[Site "?"]
[Date "1995.??.??"]
[Round "?"]
[White "Dolezal, Martin"]
[Black "Ratolistka, Josef"]
[Result "1-0"]
[WhiteElo "2275"]
[BlackElo "2225"]

1.d4 d5 2.Nf3 Nf6 3.c4 c6 4.Qb3 Qb6 5.Nc3 Qxb3 6.axb3 b6 7.Bf4 Nbd7 8.cxd5 Nxd5
9.Nxd5 cxd5 10.e3 e6 11.Bb5 Bb4+ 12.Ke2 a5 13.Ne5 Bd6 14.Rhc1 Bxe5 15.Bxe5 Ke7
16.Bxg7 Rg8 17.Be5 Nxe5 18.dxe5 Rxg2 19.Rc7+ Kf8 20.Rac1 Ba6 21.Bxa6 Rxa6
22.Rb7 Rg5 23.Rcc7 Rf5 24.f4 a4 25.bxa4 Rxa4 26.Rb8+ Kg7 27.Rxb6 d4 28.Rxe6 dxe3
29.Rf6 Rxf6 30.exf6+ Kxf6 31.Kxe3 Rb4 32.Rc2 Kf5 33.Rf2 h5 34.Kd3 h4 35.Kc3 Rxf4
36.Rxf4+ Kxf4 37.b4 f5 38.Kd4 Kg4 39.Ke3 Kh3 40.b5  1-0